| Tag |
First Indicator |
Second Indicator |
Subfields |
| LEADER |
00000cam a2200000 a 4500 |
| 001 |
in00000499621 |
| 005 |
20151013070406.0 |
| 007 |
hd af----b--- |
| 008 |
840309r19551955miu ab 00010 eng d |
| 035 |
|
|
|a (OCoLC)10504258
|
| 035 |
|
|
|9 ACE0440AM
|
| 040 |
|
|
|a TXA
|c TXA
|d UtOrBLW
|
| 049 |
|
|
|a TXAI
|
| 099 |
|
|
|a film
|a B
|a 951
|
| 100 |
1 |
|
|a Morgenroth, George W.
|
| 245 |
1 |
3 |
|a An historical study of the origin and growth of the Essex County, New Jersey, vocational schools :
|b a study of the relationships between the socio-economic conditions in a community and a system of county vocational schools with especial emphasis on an adjusted program of vocational education /
|c George W. Morgenroth.
|
| 264 |
|
1 |
|a [Place of publication not identified] :
|b [publisher not identified] ;
|c 1955.
|
| 300 |
|
|
|a 262 leaves.
|
| 336 |
|
|
|a text
|b txt
|2 rdacontent
|
| 337 |
|
|
|a microform
|b h
|2 rdamedia
|
| 338 |
|
|
|a microfilm reel
|b hd
|2 rdacarrier
|
| 502 |
|
|
|b Ph. D.
|c New York University
|d 1955.
|
| 504 |
|
|
|a Bibliography: leaves 252-262.
|
| 533 |
|
|
|a Microfilm.
|b Ann Arbor, Mich. :
|c University Microfilms,
|d 1955?
|e 1 microfilm reel ; 35 mm.
|
| 500 |
|
|
|a Microform.
|
| 650 |
|
0 |
|a Vocational education
|z New Jersey
|z Essex County
|x History.
|
| 650 |
|
0 |
|a Vocational education facilities
|z New Jersey
|z Essex County
|x History.
|
| 999 |
|
|
|a MARS
|
| 999 |
f |
f |
|s d34cd233-fb15-3e3b-97d9-2577980c7c65
|i 22dbd6d1-b2d5-3a4f-b3f0-8fb1be308f38
|t 0
|
| 952 |
f |
f |
|p default
|a Texas A&M University
|b College Station
|c Sterling C. Evans Library
|d Evans: Microforms (3rd floor)
|t 0
|e film B 951
|h Other scheme
|i microform -- microfilm reel
|
| 998 |
f |
f |
|a film B 951
|t 0
|l Evans: Microforms (3rd floor)
|